Time series analysis / (Record no. 232997)

000 -LEADER
fixed length control field 01221pam a2200289 a 4500
001 - CONTROL NUMBER
control field 633154
003 - CONTROL NUMBER IDENTIFIER
control field Nust
005 - DATE AND TIME OF LATEST TRANSACTION
control field 20180117090024.0
008 - FIXED-LENGTH DATA ELEMENTS--GENERAL INFORMATION
fixed length control field 930520s1994 njua b 001 0 eng
010 ## - LIBRARY OF CONGRESS CONTROL NUMBER
LC control number 93004958
020 ## - INTERNATIONAL STANDARD BOOK NUMBER
International Standard Book Number 0691042896 (acidfree paper)
040 ## - CATALOGING SOURCE
Original cataloging agency DLC
Transcribing agency DLC
Modifying agency DLC
050 00 - LIBRARY OF CONGRESS CALL NUMBER
Classification number QA280
Item number .H264 1994
082 00 - DEWEY DECIMAL CLASSIFICATION NUMBER
Classification number 519.5/5
Edition number 20
100 1# - MAIN ENTRY--PERSONAL NAME
Personal name Hamilton, James D.
Fuller form of name (James Douglas),
Dates associated with a name 1954-
245 10 - TITLE STATEMENT
Title Time series analysis /
Statement of responsibility, etc. James D. Hamilton.
260 ## - PUBLICATION, DISTRIBUTION, ETC.
Place of publication, distribution, etc. Princeton, N.J. :
Name of publisher, distributor, etc. Princeton University Press,
Date of publication, distribution, etc. c1994.
300 ## - PHYSICAL DESCRIPTION
Extent xiv, 799 p. :
Other physical details ill. ;
Dimensions 26 cm.
504 ## - BIBLIOGRAPHY, ETC. NOTE
Bibliography, etc. note Includes bibliographical references and indexes.
650 #0 - SUBJECT ADDED ENTRY--TOPICAL TERM
Topical term or geographic name entry element Time-series analysis.
856 41 - ELECTRONIC LOCATION AND ACCESS
Materials specified Table of contents
Uniform Resource Identifier <a href="http://www.loc.gov/catdir/toc/prin031/93004958.html">http://www.loc.gov/catdir/toc/prin031/93004958.html</a>
856 42 - ELECTRONIC LOCATION AND ACCESS
Materials specified Publisher description
Uniform Resource Identifier <a href="http://www.loc.gov/catdir/description/prin021/93004958.html">http://www.loc.gov/catdir/description/prin021/93004958.html</a>
906 ## - LOCAL DATA ELEMENT F, LDF (RLIN)
a 7
b cbc
c orignew
d 1
e ocip
f 19
g y-gencatlg
942 ## - ADDED ENTRY ELEMENTS (KOHA)
Source of classification or shelving scheme
Koha item type Book
Holdings
Withdrawn status Lost status Source of classification or shelving scheme Damaged status Not for loan Collection code Permanent Location Current Location Shelving location Date acquired Total Checkouts Full call number Barcode Date last seen Price effective from Koha item type
            Central Library (CL) Central Library (CL) General Stacks 02/27/2017   519.5/5 HAM S3H-N-1765 02/27/2017 02/27/2017 Book
© 2023 Central Library, National University of Sciences and Technology. All Rights Reserved.